| 000 | 00600nam a22001577a 4500 | ||
|---|---|---|---|
| 003 | SGT | ||
| 020 | _a9788121902632 | ||
| 082 | _a546,PRA | ||
| 100 | _aPRAKASH,SATYA | ||
| 245 | _aADVANCED INORGANIC CHEMISTRY | ||
| 260 |
_aNEW DELHI _bS.CHAND _c2016 |
||
| 300 | _a1391 | ||
| 650 | _aINORGANIC CHEMISTRY | ||
| 653 | _aPART 1: BASIC PRINCIPLES OF CHEMISTRY 2. QUANTUM MECHANICAL CONCEPTS OF ATOMIC STRUCTURE: RUTHERFORD’S AND BOHR’S ATOMIC MODELS 3. WAVE MECHANICA 4. CONCEPT OF ATOMIC STRUCTURE 5. PERIODIC TABLE 6. ELECTRONIC CONFIGURATION OF ELEMENTS 7.ATOMIC PROPERTIES: | ||
| 942 |
_2ddc _cFPS _01 |
||
| 999 |
_c9321 _d9321 |
||